| 000 | 00461nam a2200121Ia 4500 | ||
|---|---|---|---|
| 008 | 241028s9999 xx 000 0 und d | ||
| 041 | _aeng | ||
| 082 | _a382.091 MUR | ||
| 100 | _aMurray W.E. | ||
| 245 | _aEthical Value Networks In International Trade: Social Justice, Sustainability And Provenance In The Global South Social Justice, Sustainability And Provenance In The Global South | ||
| 260 |
_bEdward Elgar Publishing _aUSA _c2022 |
||
| 300 | _a276;. P. 22 cm | ||
| 999 |
_c42749 _d42749 |
||